Słynni Polacy - Statystyki

Ogólne statystyki
  • Ten quiz został rozwiązany 619 razy
  • Średni wynik to 23 z 45
Statystyki odpowiedzi
Opis Odpowiedź % Poprawnych
1 Papież z Polski Karol Wojtyła
95%
4 Chemiczka wynalazła Polon i Rad Maria Skłodowska-Curie
89%
7 Pierwszy Król Polski Bolesław Chrobry
87%
2 Pierwszy prezydent lll RP Lech Wałęsa
79%
22 Astronom Autor Teorii Heliocentrycznej Mikołaj Kopernik
79%
12 Autor "Trylogii" Henryk Sienkiewicz
78%
16 Twórca "Epopei Narodowej" Adam Mickiewicz
77%
37 Pianista z Żelazowej Woli Fryderyk Chopin
74%
13 Pierwszy Władca Polski Mieszko l
74%
30 Zastał Polskę drewnianą zostawił murowaną Kazimierz Wielki
73%
20 Autor "Lalki" Bolesław Prus
70%
33 Malarz dziejów polski Jan Matejko
68%
18 Ostatni Król Polski Stanisław August Poniatowski
68%
39 Poetka, laureatka Nagrody Nobla Wisława Szymborska
66%
35 Wybitny twórca renesansowy autor pieśni i trenów Jan Kochanowski
65%
27 Pierwszy marszałek Polski Józef Piłsudski
65%
34 Poeta autor "Kordiana" Juliusz Słowacki
62%
8 Przywódca powstania narodowego z 1794 r. Tadeusz Kościuszko
62%
36 Król Polski podczas bitwy pod Grunwaldem Władysław Jagiełlo
61%
38 Słynny Rycerz walczył w bitwie pod Grunwaldem Zawisza Czarny
60%
23 Pierwszy Prezydent Rzeczypospolitej Gabriel Narutowicz
59%
26 Król Polski pokonał Turków w bitwie pod Wiedniem Jan lll Sobieski
59%
43 Pisarz,laureat Nagrody Nobla za powieść "Chłopi" Władysław Reymont
56%
31 Polski poeta,laureat Nagrody Nobla Czesław Miłosz
54%
40 Ojciec współczesnej kinematografii Polskiej, zdobywca Oscara Andrzej Wajda
48%
10 Pierwszy premier lll RP Tadeusz Mazowiecki
44%
24 Generał w bitwie pod Monte Cassino Władysław Anders
43%
44 Kompozytor,polityk i działacz niepodległościowy Ignacy Paderewski
42%
29 Działacz niepodległościowy,główny ideolog polskiego nacjonalizmu Roman Dmowski
39%
5 Wynalazca lampy naftowej Ignacy Łukasiewicz
38%
19 Działaczka charytatywna,ratowniczka żydów podczas ll Wojny Światowej Irena Sendlerowa
36%
17 Poeta, prekursor języka polskiego w literaturze Mikołaj Rej
36%
3 Dyktator Powstania Styczniowego Romuald Traugutt
35%
42 Ojciec polskiej opery Stanisław Moniuszko
31%
45 Hrabianka,kapitan Powstania Listopadowego Emilia Plater
28%
25 Biskup warmiński zwany "księciem polskich poetów" Ignacy Krasicki
23%
32 Dówdca l Dywizji Pancernej podczas ll Wojny Światowej Stanisław Maczek
21%
28 Dowódca w bitwie pod Kircholmem Jan Chodkiewicz
18%
21 Słynny polski kronikarz zwany mistrzem Wincenty Kadłubek
18%
41 Astronom,twórca mapy księżyca Jan Heweliusz
17%
9 Dyktator Powstania Listopadowego Józef Chłopicki
17%
11 Doradca prezydentów USA Johnsona i Kennedy'ego Zbigniew Brzeziński
15%
6 Inżynier,budowniczy kolei w Peru i Ekwadorze Ernest Malinowski
14%
15 Autor przekładu Biblii na język polski Jakub Wujek
13%
14 Przywódca Konfederacji Barskiej Kazimierz Pułaski
7%
Nie znaleziono quizów pasujących do podanych kryteriów
Rozkład punktacji
Procent ludzi z każdym wynikiem
Percentyl według liczby udzielonych odpowiedzi
Twoja historia wyników
Nie rozwiązałeś tego quizu